000 00328 a2200109 4500
001 ART_7651
005 20260410161637.0
008 260409a
245 1 0 _aSociedades de inversión ("holdings") extranjeras
100 1 _aEdelstein, Andrés M.
773 0 _tConsultor tributario
_g- Nº 7 (sep. 2007)
_wREV474
999 _c13012
_d13012